|
|
|
|
| LEADER |
03351nam a2200505 4500 |
| 001 |
978-3-319-78254-6 |
| 003 |
DE-He213 |
| 005 |
20191220125318.0 |
| 007 |
cr nn 008mamaa |
| 008 |
180423s2018 gw | s |||| 0|eng d |
| 020 |
|
|
|a 9783319782546
|9 978-3-319-78254-6
|
| 024 |
7 |
|
|a 10.1007/978-3-319-78254-6
|2 doi
|
| 040 |
|
|
|d GrThAP
|
| 050 |
|
4 |
|a RS400-431
|
| 072 |
|
7 |
|a PSB
|2 bicssc
|
| 072 |
|
7 |
|a SCI013020
|2 bisacsh
|
| 072 |
|
7 |
|a PSB
|2 thema
|
| 082 |
0 |
4 |
|a 615.19
|2 23
|
| 245 |
1 |
0 |
|a Communicable Diseases of the Developing World
|h [electronic resource] /
|c edited by Anil Kumar Saxena.
|
| 250 |
|
|
|a 1st ed. 2018.
|
| 264 |
|
1 |
|a Cham :
|b Springer International Publishing :
|b Imprint: Springer,
|c 2018.
|
| 300 |
|
|
|a VII, 253 p. 50 illus., 20 illus. in color.
|b online resource.
|
| 336 |
|
|
|a text
|b txt
|2 rdacontent
|
| 337 |
|
|
|a computer
|b c
|2 rdamedia
|
| 338 |
|
|
|a online resource
|b cr
|2 rdacarrier
|
| 347 |
|
|
|a text file
|b PDF
|2 rda
|
| 490 |
1 |
|
|a Topics in Medicinal Chemistry,
|x 1862-2461 ;
|v 29
|
| 505 |
0 |
|
|a Clinical Management of Ebola Virus Disease: Current and Future Approaches -- Anti-HIV Agents: Current Status and Recent Trends -- Lymphatic Filariasis: Current Status of Elimination Using Chemotherapy and the Need for a Vaccine -- Past, Present, and Future of Antifungal Drug Development -- Neglected Tropical Bacterial Diseases -- Erratum to: Anti-HIV Agents: Current Status and Recent Trends.
|
| 520 |
|
|
|a This book reviews the current strategies and challenges for the treatment of bacterial, fungal, parasitic and viral infectious diseases in developing countries. Contributing authors present expert analysis on the transmission, epidemiology, bacteriology, pathogenesis and treatment of Neglected Tropical Bacterial Diseases such as Leprosy, Buruli ulcer, and Trachoma. Particular attention is also given to current antifungal agents, their spectrum of activity, mode of action, limitations, and current challenges in antifungal therapy. The authors explore the medicinal chemistry efforts that gave rise to currently launched drugs and new anti-HIV agents, and they also highlight the latest vaccine and drug developments in the clinical management of the Ebola Virus Disease, ignited by the 2014-2016 outbreak. This work has an interdisciplinary appeal and will engage scholars and professionals in the burden of communicable diseases.
|
| 650 |
|
0 |
|a Medicinal chemistry.
|
| 650 |
|
0 |
|a Pharmaceutical technology.
|
| 650 |
|
0 |
|a Tropical medicine.
|
| 650 |
1 |
4 |
|a Medicinal Chemistry.
|0 http://scigraph.springernature.com/things/product-market-codes/C28000
|
| 650 |
2 |
4 |
|a Pharmaceutical Sciences/Technology.
|0 http://scigraph.springernature.com/things/product-market-codes/B21010
|
| 650 |
2 |
4 |
|a Tropical Medicine.
|0 http://scigraph.springernature.com/things/product-market-codes/H61006
|
| 700 |
1 |
|
|a Saxena, Anil Kumar.
|e editor.
|4 edt
|4 http://id.loc.gov/vocabulary/relators/edt
|
| 710 |
2 |
|
|a SpringerLink (Online service)
|
| 773 |
0 |
|
|t Springer eBooks
|
| 776 |
0 |
8 |
|i Printed edition:
|z 9783319782522
|
| 776 |
0 |
8 |
|i Printed edition:
|z 9783319782539
|
| 776 |
0 |
8 |
|i Printed edition:
|z 9783030086565
|
| 830 |
|
0 |
|a Topics in Medicinal Chemistry,
|x 1862-2461 ;
|v 29
|
| 856 |
4 |
0 |
|u https://doi.org/10.1007/978-3-319-78254-6
|z Full Text via HEAL-Link
|
| 912 |
|
|
|a ZDB-2-CMS
|
| 950 |
|
|
|a Chemistry and Materials Science (Springer-11644)
|